[Event "G7"]
[Site "Svendborg"]
[Date "2016.03.24"]
[Round "3"]
[White "Molvig, Julius"]
[Black "Kakulidis, Ellen"]
[Result "1/2-1/2"]
[WhiteElo "1934"]
[BlackElo "1843"]
[PlyCount "154"]
[EventDate "2016.03.22"]
[EventType "swiss"]
[EventRounds "7"]
[EventCountry "DEN"]

1. d4 e6 2. c4 Nf6 3. Nf3 b6 4. Bg5 Be7 5. Nc3 Bb7 6. e3 h6 7. Bh4 O-O 8. Bd3
d5 9. O-O Na6 10. cxd5 exd5 11. a3 c5 12. Rc1 Nc7 13. Bb1 Ne6 14. Ba2 Rc8 15.
Re1 Re8 16. Bb1 Ne4 17. Bxe7 Rxe7 18. dxc5 N6xc5 19. Nd4 a6 20. Qg4 Nf6 21. Qg3
Nce4 22. Nxe4 Nxe4 23. Bxe4 Rxe4 24. Nf5 g6 25. Nxh6+ Kf8 26. Rxc8 Bxc8 27. f3
Rc4 28. Qe5 Be6 29. Re2 Rc1+ 30. Kf2 Qh4+ 31. Qg3 Qxh6 32. h4 Rc8 33. Qh2 Rc4
34. g4 Kg8 35. Qb8+ Kh7 36. Kg3 Qg7 37. f4 b5 38. Qd6 a5 39. Qb6 b4 40. Qxa5
bxa3 41. Qxa3 Qg8 42. Rh2 Qc8 43. h5 Bxg4 44. hxg6+ Kxg6 45. Qe7 Qf5 46. Qf8
Bh5 47. Qg8+ Kf6 48. Qh8+ Kg6 49. Rg2 Bg4 50. Qg8+ Kf6 51. Qxg4 Qe4 52. Qf3
Qg6+ 53. Qg4 Qe4 54. Qe2 Rc8 55. Qa6+ Qe6 56. Qxe6+ fxe6 57. b4 Rb8 58. Rb2 Kf5
59. Kf3 Rb5 60. Rb3 e5 61. fxe5 Kxe5 62. Rb2 Kf5 63. Rd2 Rxb4 64. Rxd5+ Ke6 65.
Rd8 Ke7 66. Rh8 Rb6 67. Ke4 Ra6 68. Rh7+ Ke8 69. Kf5 Rb6 70. e4 Ra6 71. e5 Rb6
72. Rc7 Ra6 73. Rc5 Ke7 74. Rb5 Rc6 75. e6 Rc1 76. Rb7+ Ke8 77. Ra7 Rb1 1/2-1/2

[Event "G7"]
[Site "Svendborg"]
[Date "2016.03.24"]
[Round "3"]
[White "Thybo, Thomas Sondergaard"]
[Black "Poulsen, Peter Risgaard"]
[Result "1/2-1/2"]
[WhiteElo "1946"]
[BlackElo "1943"]
[PlyCount "42"]
[EventDate "2016.03.22"]
[EventType "swiss"]
[EventRounds "7"]
[EventCountry "DEN"]

1. c4 e5 2. g3 g6 3. Bg2 Bg7 4. Nc3 d6 5. e3 Nc6 6. Nge2 Be6 7. d3 Qd7 8. h3
Nge7 9. a3 O-O 10. Nd5 Rae8 11. Nec3 Nd8 12. d4 exd4 13. Ne2 dxe3 14. Bxe3 Nf5
15. Bf4 Nd4 16. Be3 N8c6 17. Kf1 Nxe2 18. Qxe2 Bf5 19. Qd2 Ne5 20. b3 c6 21.
Nc3 Qe7 1/2-1/2

[Event "G7"]
[Site "Svendborg"]
[Date "2016.03.24"]
[Round "3"]
[White "Larsen, Ulrik"]
[Black "Karstensen, Christian"]
[Result "1-0"]
[WhiteElo "2019"]
[BlackElo "1968"]
[PlyCount "53"]
[EventDate "2016.03.22"]
[EventType "swiss"]
[EventRounds "7"]
[EventCountry "DEN"]

1. e4 e6 2. d4 d5 3. Nc3 Bb4 4. e5 c5 5. a3 Bxc3+ 6. bxc3 Ne7 7. Nf3 Qc7 8. a4
Nbc6 9. Bd3 Bd7 10. O-O cxd4 11. cxd4 Nb4 12. Ba3 Nxd3 13. cxd3 Nc6 14. Rc1 f5
15. exf6 gxf6 16. Qd2 h5 17. Rfe1 O-O-O 18. Be7 Rdg8 19. Bxf6 Rh7 20. Ng5 Rhg7
21. Bxg7 Rxg7 22. Nxe6 Bxe6 23. Rxe6 Qf7 24. Qh6 Kb8 25. Rexc6 bxc6 26. Qd6+
Qc7 27. Rb1+ 1-0

[Event "G7"]
[Site "Svendborg"]
[Date "2016.03.25"]
[Round "4"]
[White "Rossen, Claus"]
[Black "Jensen, Tobias Ilsoe"]
[Result "1-0"]
[WhiteElo "2180"]
[BlackElo "2058"]
[PlyCount "115"]
[EventDate "2016.03.22"]
[EventType "swiss"]
[EventRounds "7"]
[EventCountry "DEN"]

1. e4 c5 2. Nc3 a6 3. a4 Nc6 4. f4 e6 5. Nf3 d5 6. d3 g6 7. Be2 Bg7 8. O-O Nge7
9. Qe1 O-O 10. a5 Qc7 11. Qh4 Nd4 12. Bd1 c4 13. f5 exf5 14. exd5 Nxf3+ 15.
Bxf3 cxd3 16. cxd3 Qc5+ 17. Kh1 Bd7 18. Re1 Rae8 19. Be3 Qd6 20. Rac1 Bf6 21.
Qf2 Rc8 22. Bd4 Bxd4 23. Qxd4 Nc6 24. Qb6 Qf4 25. dxc6 Bxc6 26. Bxc6 Rxc6 27.
Qe3 Qh4 28. g3 Qd8 29. b4 Re6 30. Qf3 Rfe8 31. Rxe6 Rxe6 32. Nd5 Qe8 33. Qf2
Qd7 34. Qc5 Kg7 35. Qc3+ Kh6 36. Nf4 Rc6 37. Qd2 Rxc1+ 38. Qxc1 g5 39. Nh3 f4
40. Nf2 fxg3 41. hxg3 f5 42. Qc5 Qe6 43. d4 f4 44. gxf4 Qe1+ 45. Kg2 gxf4 46.
Qd6+ Kg5 47. Nh3+ Kf5 48. Qxf4+ Ke6 49. Ng5+ Kd5 50. Qf7+ Kd6 51. Nf3 Qe4 52.
Qf6+ Kd7 53. Kg3 Qd3 54. Kf4 Qc3 55. Ne5+ Kc7 56. Qb6+ Kc8 57. Qc5+ Qxc5 58.
bxc5 1-0

[Event "G7"]
[Site "Svendborg"]
[Date "2016.03.25"]
[Round "4"]
[White "Jensen, Morten Frank"]
[Black "Petersen, Steen Brustrup"]
[Result "0-1"]
[WhiteElo "2032"]
[BlackElo "2111"]
[PlyCount "114"]
[EventDate "2016.03.22"]
[EventType "swiss"]
[EventRounds "7"]
[EventCountry "DEN"]

1. e4 e5 2. Nf3 Nc6 3. Nc3 Nf6 4. g3 Bc5 5. Bg2 d6 6. h3 h6 7. d3 a6 8. Qe2 Be6
9. Nd1 d5 10. exd5 Bxd5 11. Ne3 Be6 12. Bd2 e4 13. dxe4 Nxe4 14. O-O-O Qe7 15.
Rhe1 Rd8 16. Ng4 Nxd2 17. Rxd2 O-O 18. Nh4 Rxd2 19. Qxd2 Qg5 20. f4 Qd8 21. Qe2
Qd4 22. f5 Bxa2 23. f6 Ba3 24. Nxh6+ gxh6 25. Qg4+ Qxg4 26. hxg4 Bb4 27. Rh1
Nd4 28. c3 Nb3+ 29. Kc2 Bc5 30. Nf5 Rd8 31. Nxh6+ Kf8 32. Rd1 Rxd1 33. Kxd1 Bb1
34. Bxb7 a5 35. Bd5 Be3 36. Nxf7 Nc5 37. Ne5 Bg5 38. f7 Bf6 39. Nc6 a4 40. g5
Bxg5 41. Nd4 Bg6 42. Nb5 Bd8 43. Nd4 Bxf7 44. Bc6 Bh5+ 45. Kc1 Bg4 46. Kb1 Bf6
47. Nb5 Be5 48. Ka2 Bxg3 49. Ka3 Bd1 50. Nd4 Bd6 51. Nb5 Bf4 52. Nd4 Bc1 53.
Nb5 Nd3 54. Nxc7 Bxb2+ 55. Ka2 Bb3+ 56. Kb1 a3 57. Ne6+ Kg8 0-1

[Event "G7"]
[Site "Svendborg"]
[Date "2016.03.25"]
[Round "4"]
[White "Andersen, Rune"]
[Black "Christensen, Esben"]
[Result "1/2-1/2"]
[WhiteElo "2126"]
[BlackElo "2084"]
[PlyCount "59"]
[EventDate "2016.03.22"]
[EventType "swiss"]
[EventRounds "7"]
[EventCountry "DEN"]

1. d4 Nf6 2. c4 c5 3. d5 b5 4. cxb5 a6 5. f3 axb5 6. e4 Qa5+ 7. Bd2 b4 8. Na3
d6 9. Nc4 Qd8 10. a3 e6 11. axb4 Rxa1 12. Qxa1 exd5 13. exd5 Nxd5 14. bxc5 dxc5
15. Ne3 Nxe3 16. Bxe3 Bd6 17. Qa4+ Bd7 18. Qe4+ Qe7 19. Bd3 Nc6 20. Ne2 Qxe4
21. Bxe4 f5 22. Bb1 Kd8 23. Kf2 Be5 24. Rd1 g6 25. b3 Na5 26. Bc2 Nb7 27. f4
Bf6 28. b4 Ke7 29. bxc5 Rc8 30. Bd4 1/2-1/2

[Event "G7"]
[Site "Svendborg"]
[Date "2016.03.25"]
[Round "4"]
[White "Hollesen, Kurt"]
[Black "Lauritsen, Niels"]
[Result "1/2-1/2"]
[WhiteElo "2023"]
[BlackElo "2045"]
[PlyCount "51"]
[EventDate "2016.03.22"]
[EventType "swiss"]
[EventRounds "7"]
[EventCountry "DEN"]

1. e4 Nc6 2. d4 d5 3. e5 f6 4. f4 Nh6 5. c3 Bg4 6. Be2 Bxe2 7. Nxe2 e6 8. Ng3
fxe5 9. fxe5 Qh4 10. Nd2 Be7 11. Nf3 Qg4 12. Qc2 Bh4 13. Nxh4 Qxh4 14. Bxh6
Qxh6 15. O-O O-O-O 16. Rf3 Rdf8 17. Raf1 Rxf3 18. Rxf3 Nd8 19. h3 Qh4 20. Qf2
a6 21. Rf4 Qe7 22. Kh2 Rg8 23. Nf1 Kb8 24. Ne3 Rh8 25. c4 c6 26. c5 1/2-1/2

[Event "G7"]
[Site "Svendborg"]
[Date "2016.03.25"]
[Round "4"]
[White "Mortensen, Henrik"]
[Black "Nielsen, Poul Erik"]
[Result "0-1"]
[WhiteElo "1954"]
[BlackElo "2032"]
[PlyCount "102"]
[EventDate "2016.03.22"]
[EventType "swiss"]
[EventRounds "7"]
[EventCountry "DEN"]

1. e4 c5 2. Ne2 g6 3. d4 cxd4 4. Nxd4 Bg7 5. c4 Nc6 6. Be3 d6 7. Nc3 Nf6 8. f3
O-O 9. Qd2 Re8 10. Nc2 Be6 11. Be2 Rc8 12. O-O a6 13. Rab1 Ne5 14. b3 Qc7 15.
Rfc1 b5 16. Nd5 Qb7 17. cxb5 axb5 18. Ncb4 Nxd5 19. Nxd5 Bxd5 20. exd5 Nd7 21.
a4 b4 22. Bb5 Rc3 23. Bd4 Rxc1+ 24. Rxc1 Qxd5 25. Bxd7 Qxd4+ 26. Qxd4 Bxd4+ 27.
Kf1 Rb8 28. Rc8+ Rxc8 29. Bxc8 Bb6 30. Ke2 d5 31. Bb7 e6 32. Bc6 Kf8 33. Bb5
Ke7 34. Bc6 Kd6 35. Be8 Ke7 36. Bc6 h6 37. Bb5 Bc7 38. h3 f5 39. Bc6 g5 40. Bb7
h5 41. Kd3 h4 42. Kd4 Kd6 43. Kd3 e5 44. Bc8 e4+ 45. Ke2 Ke5 46. Bd7 Kf4 47.
Be6 d4 48. Bd5 d3+ 49. Kd2 Ke5 50. Bc4 Kd4 51. Kd1 e3 0-1

[Event "G7"]
[Site "Svendborg"]
[Date "2016.03.25"]
[Round "4"]
[White "Kristensen, Peter"]
[Black "Schoning, Lars"]
[Result "1/2-1/2"]
[WhiteElo "1956"]
[BlackElo "1923"]
[PlyCount "121"]
[EventDate "2016.03.22"]
[EventType "swiss"]
[EventRounds "7"]
[EventCountry "DEN"]

1. e4 c5 2. Nf3 d6 3. d4 cxd4 4. Nxd4 Nf6 5. Nc3 a6 6. Be3 e6 7. Qd2 b5 8. f3
Nbd7 9. O-O-O Bb7 10. g4 Nb6 11. Qf2 Nfd7 12. Kb1 Rc8 13. Nb3 Rxc3 14. bxc3 Na4
15. Qd2 Qc7 16. c4 bxc4 17. Qa5 Qxa5 18. Nxa5 Nc3+ 19. Kc1 Nxd1 20. Kxd1 Ba8
21. Bxc4 d5 22. exd5 exd5 23. Re1 dxc4 24. Bg5+ Ne5 25. Rxe5+ Kd7 26. Rf5 f6
27. Be3 Be7 28. Nxc4 g6 29. Rf4 Ke6 30. Ke2 Bd5 31. Nb6 Bc6 32. a4 Rb8 33. Rc4
Bb7 34. Rc7 h5 35. Nd7 Bd6 36. Nc5+ Bxc5 37. Bxc5 hxg4 38. fxg4 Bc8 39. Ba7 Rb7
40. Rxc8 Rxa7 41. Rc6+ Ke5 42. a5 Rh7 43. g5 Rxh2+ 44. Kd3 fxg5 45. Rxg6 Rh3+
46. Kc4 Kf5 47. Rxa6 g4 48. Ra8 g3 49. Rg8 Rh4+ 50. Kb3 Rg4 51. Rxg4 Kxg4 52.
a6 g2 53. a7 g1=Q 54. a8=Q Qb6+ 55. Kc4 Qc7+ 56. Kd3 Qd6+ 57. Ke3 Qc5+ 58. Kd2
Qd4+ 59. Ke2 Qc4+ 60. Ke3 Qc3+ 61. Ke2 1/2-1/2

[Event "G7"]
[Site "Svendborg"]
[Date "2016.03.25"]
[Round "4"]
[White "Vestby Ellingsen, Mads"]
[Black "Hoffmann, Tobias Breinholt"]
[Result "1/2-1/2"]
[WhiteElo "1947"]
[BlackElo "2031"]
[PlyCount "126"]
[EventDate "2016.03.22"]
[EventType "swiss"]
[EventRounds "7"]
[EventCountry "DEN"]

1. d4 Nf6 2. c4 e6 3. Nf3 d5 4. Nc3 Be7 5. Bf4 c6 6. e3 a6 7. Qc2 Nbd7 8. Bd3
dxc4 9. Bxc4 b5 10. Bd3 c5 11. Rd1 c4 12. Be2 Bb7 13. O-O Nd5 14. Bg3 N7f6 15.
Nd2 O-O 16. Nxd5 exd5 17. f4 Ne4 18. Nxe4 dxe4 19. a4 Bd5 20. Ra1 Qd7 21. Rfc1
f5 22. Qd1 Qe6 23. axb5 axb5 24. Rxa8 Rxa8 25. Ra1 Qc6 26. Qb1 Ra6 27. Bd1 Qa8
28. Rxa6 Qxa6 29. Bf2 Qa5 30. Kf1 Bb4 31. Bc2 c3 32. bxc3 Bc4+ 33. Kg1 Bxc3 34.
Bb3 Qa1 35. Qxa1 Bxa1 36. Bxc4+ bxc4 37. Kf1 Bb2 38. Ke2 Ba3 39. Be1 Kf7 40.
Kd2 Ke6 41. Kc2 Kd5 42. Kc3 Be7 43. Bf2 g5 44. g3 h5 45. h4 gxf4 46. gxf4 Bd6
47. Bg1 Bc7 48. Bf2 Ba5+ 49. Kc2 Kc6 50. Bg3 Kb5 51. Bf2 Kc6 52. Bg3 Kd5 53.
Bf2 c3 54. Be1 Kc4 55. Bg3 Bb4 56. Bf2 Be7 57. Bg3 Bf6 58. Bf2 Bg7 59. Bg1 Kb4
60. Bf2 Bf6 61. Be1 Kc4 62. Bf2 Bg7 63. Bg1 Bf6 1/2-1/2

[Event "G7"]
[Site "Svendborg"]
[Date "2016.03.25"]
[Round "4"]
[White "Poulsen, Peter Risgaard"]
[Black "Larsen, Ulrik"]
[Result "1/2-1/2"]
[WhiteElo "1943"]
[BlackElo "2019"]
[PlyCount "41"]
[EventDate "2016.03.22"]
[EventType "swiss"]
[EventRounds "7"]
[EventCountry "DEN"]

1. d4 d5 2. Bf4 Nf6 3. e3 c5 4. c3 cxd4 5. exd4 Bf5 6. Bd3 Bxd3 7. Qxd3 e6 8.
Nd2 Nc6 9. Ngf3 Be7 10. h3 O-O 11. O-O Rc8 12. Ne5 Qb6 13. Rab1 Qa5 14. a3 Qb6
15. Ndf3 a5 16. Ng5 g6 17. Ngf3 Rfd8 18. Nxc6 Qxc6 19. Ne5 Qe8 20. Rbe1 b5 21.
Bh2 1/2-1/2

[Event "G7"]
[Site "Svendborg"]
[Date "2016.03.25"]
[Round "4"]
[White "Kakulidis, Ellen"]
[Black "Thybo, Thomas Sondergaard"]
[Result "1/2-1/2"]
[WhiteElo "1843"]
[BlackElo "1946"]
[PlyCount "45"]
[EventDate "2016.03.22"]
[EventType "swiss"]
[EventRounds "7"]
[EventCountry "DEN"]

1. d4 Nf6 2. c4 g6 3. Nc3 d5 4. Bf4 Bg7 5. e3 O-O 6. Nf3 c5 7. dxc5 Be6 8. Rc1
Nc6 9. h3 Qa5 10. Nd2 dxc4 11. Bxc4 Bxc4 12. Nxc4 Qxc5 13. Qe2 e5 14. Bh2 b5
15. Nd2 a6 16. O-O Qb6 17. Nde4 Nxe4 18. Nxe4 Nd8 19. Qf3 Ra7 20. Rfd1 f5 21.
Nc3 Nf7 22. Nd5 Qe6 23. a3 1/2-1/2

[Event "G7"]
[Site "Svendborg"]
[Date "2016.03.25"]
[Round "4"]
[White "Karstensen, Christian"]
[Black "Molvig, Julius"]
[Result "0-1"]
[WhiteElo "1968"]
[BlackElo "1934"]
[PlyCount "64"]
[EventDate "2016.03.22"]
[EventType "swiss"]
[EventRounds "7"]
[EventCountry "DEN"]

1. e4 c5 2. Nf3 e6 3. d4 cxd4 4. Nxd4 a6 5. Bd3 Nf6 6. O-O Qc7 7. Be3 d5 8.
exd5 Nxd5 9. c4 Nxe3 10. fxe3 Nd7 11. Nc3 Nf6 12. Rc1 Qd8 13. Bc2 Be7 14. Ba4+
Bd7 15. Bc2 Rc8 16. Qf3 Qc7 17. Ne4 O-O 18. Nxf6+ Bxf6 19. Qe4 Rfd8 20. Qxh7+
Kf8 21. b3 Bc6 22. Nxe6+ fxe6 23. Bg6 Rd2 24. Rxf6+ gxf6 25. Qh8+ Ke7 26. Qg7+
Kd6 27. Qxf6 Qe7 28. Qf4+ Kd7 29. e4 Qc5+ 30. Kf1 Rf8 31. Bf7 Qd6 32. Qf6 Qe7
0-1

[Event "G7"]
[Site "Svendborg"]
[Date "2016.03.26"]
[Round "5"]
[White "Christensen, Esben"]
[Black "Rossen, Claus"]
[Result "0-1"]
[WhiteElo "2084"]
[BlackElo "2180"]
[PlyCount "92"]
[EventDate "2016.03.22"]
[EventType "swiss"]
[EventRounds "7"]
[EventCountry "DEN"]

1. e4 c5 2. Nf3 Nc6 3. d4 cxd4 4. Nxd4 e5 5. Nb5 a6 6. Nd6+ Bxd6 7. Qxd6 Qf6 8.
Qxf6 Nxf6 9. Nc3 Nb4 10. Bd3 d6 11. Bg5 Be6 12. O-O-O Rc8 13. a3 Nxd3+ 14. Rxd3
Rxc3 15. bxc3 Nxe4 16. Bh4 Bc4 17. Re3 f5 18. f3 Nf6 19. Bxf6 gxf6 20. Rd1 f4
21. Ree1 Ke7 22. Rd4 Be6 23. Rb4 b5 24. a4 Bc4 25. axb5 axb5 26. Rb1 Rg8 27.
Rg1 d5 28. Kb2 e4 29. Rbe1 f5 30. g3 Kf6 31. fxe4 f3 32. e5+ Kg5 33. Rd1 Be2
34. Kc1 Re8 35. Rdf1 Bxf1 36. Rxf1 Kg4 37. Kd2 Rxe5 38. Rf2 f4 39. gxf4 Kxf4
40. Kd3 Re4 41. Kd2 Kg4 42. Kd3 Re2 43. h3+ Kg3 44. Rf1 Re4 45. Rg1+ Kh2 46.
Rg5 Rf4 0-1

[Event "G7"]
[Site "Svendborg"]
[Date "2016.03.26"]
[Round "5"]
[White "Jensen, Tobias Ilsoe"]
[Black "Petersen, Steen Brustrup"]
[Result "0-1"]
[WhiteElo "2058"]
[BlackElo "2111"]
[PlyCount "46"]
[EventDate "2016.03.22"]
[EventType "swiss"]
[EventRounds "7"]
[EventCountry "DEN"]

1. d4 Nf6 2. c4 e6 3. Nc3 Bb4 4. Qc2 d5 5. cxd5 Qxd5 6. e3 c5 7. Bd2 Bxc3 8.
Bxc3 Nc6 9. Nf3 cxd4 10. Nxd4 Nxd4 11. Bxd4 e5 12. Bc3 O-O 13. Bd3 Bg4 14. f3
Be6 15. O-O Rfd8 16. Rfd1 Qc5 17. Qe2 Nd5 18. Bd2 Nf4 19. Bxh7+ Kxh7 20. Qf2
Nd3 21. Qh4+ Kg8 22. b4 Qc2 23. Be1 Rd7 0-1

[Event "G7"]
[Site "Svendborg"]
[Date "2016.03.26"]
[Round "5"]
[White "Nielsen, Poul Erik"]
[Black "Jensen, Morten Frank"]
[Result "1/2-1/2"]
[WhiteElo "2032"]
[BlackElo "2032"]
[PlyCount "108"]
[EventDate "2016.03.22"]
[EventType "swiss"]
[EventRounds "7"]
[EventCountry "DEN"]

1. Nf3 g6 2. g3 Bg7 3. Bg2 c5 4. O-O Nc6 5. d3 b6 6. e4 Bb7 7. Nbd2 d6 8. Re1
Nf6 9. Nc4 O-O 10. e5 Nxe5 11. Ncxe5 dxe5 12. Rxe5 e6 13. Re1 Qe7 14. Qe2 Rfe8
15. c3 Rad8 16. a4 a6 17. d4 cxd4 18. Nxd4 Bxg2 19. Kxg2 Qb7+ 20. Qf3 Qxf3+ 21.
Kxf3 Nd5 22. Nb3 Rd6 23. Be3 Nxe3 24. Kxe3 Red8 25. Ke2 Kf8 26. Red1 Ke7 27.
Rxd6 Rxd6 28. Rd1 Rxd1 29. Kxd1 Kd6 30. Ke2 Kd5 31. Kd3 g5 32. h3 b5 33. axb5
axb5 34. Nd2 f5 35. b3 Bf8 36. f3 h5 37. g4 hxg4 38. hxg4 Ke5 39. gxf5 exf5 40.
c4 bxc4+ 41. Nxc4+ Kf4 42. Ke2 g4 43. fxg4 fxg4 44. Kf2 Bc5+ 45. Kg2 Ke4 46.
Nb2 Bd6 47. Nc4 Bc7 48. Nd2+ Ke3 49. Nf1+ Ke2 50. Ng3+ Kd3 51. b4 Kc4 52. Nf1
Kxb4 53. Ne3 g3 54. Nf5 Kc3 1/2-1/2

[Event "G7"]
[Site "Svendborg"]
[Date "2016.03.26"]
[Round "5"]
[White "Lauritsen, Niels"]
[Black "Andersen, Rune"]
[Result "1/2-1/2"]
[WhiteElo "2045"]
[BlackElo "2126"]
[PlyCount "62"]
[EventDate "2016.03.22"]
[EventType "swiss"]
[EventRounds "7"]
[EventCountry "DEN"]

1. d4 d5 2. Nc3 Bf5 3. Bg5 h6 4. Bh4 Nf6 5. e3 Nbd7 6. Bd3 Bxd3 7. Qxd3 c6 8.
Nf3 e6 9. O-O Be7 10. Rfe1 O-O 11. e4 dxe4 12. Nxe4 Nxe4 13. Bxe7 Qxe7 14. Qxe4
Rfd8 15. c3 a5 16. Rad1 a4 17. a3 Rac8 18. g3 b5 19. Qe2 Qd6 20. Rd2 Qd5 21.
Red1 Nf6 22. Ne5 Ne4 23. Rd3 Nd6 24. R3d2 Rc7 25. Rd3 Rb8 26. R3d2 Rcb7 27. Rc2
Nc4 28. Nd3 Re7 29. Nb4 Qd6 30. Nd3 Qd5 31. Nb4 Qd6 1/2-1/2

[Event "G7"]
[Site "Svendborg"]
[Date "2016.03.26"]
[Round "5"]
[White "Hoffmann, Tobias Breinholt"]
[Black "Kristensen, Peter"]
[Result "0-1"]
[WhiteElo "2031"]
[BlackElo "1956"]
[PlyCount "66"]
[EventDate "2016.03.22"]
[EventType "swiss"]
[EventRounds "7"]
[EventCountry "DEN"]

1. Nf3 f5 2. d4 Nf6 3. g3 e6 4. Bg2 d5 5. O-O Bd6 6. b3 Qe7 7. a4 O-O 8. Ba3
Nbd7 9. c4 c6 10. Bxd6 Qxd6 11. Nbd2 Ne4 12. Qc2 b6 13. Rfd1 Bb7 14. Ne1 Nxd2
15. Rxd2 a5 16. e3 Rac8 17. Rc1 c5 18. Qd1 cxd4 19. Rxd4 Nf6 20. Rc2 Qb8 21.
cxd5 Bxd5 22. Bxd5 Nxd5 23. Rdc4 Rxc4 24. Rxc4 Rc8 25. Qc2 Rxc4 26. Qxc4 Qc7
27. Qb5 Kf7 28. Nf3 Ke7 29. Nd4 g6 30. h4 Qc1+ 31. Kg2 Qd2 32. Kf3 Qd1+ 33. Qe2
Qh1# 0-1

[Event "G7"]
[Site "Svendborg"]
[Date "2016.03.26"]
[Round "5"]
[White "Molvig, Julius"]
[Black "Hollesen, Kurt"]
[Result "1/2-1/2"]
[WhiteElo "1934"]
[BlackElo "2023"]
[PlyCount "97"]
[EventDate "2016.03.22"]
[EventType "swiss"]
[EventRounds "7"]
[EventCountry "DEN"]

1. d4 d5 2. Nf3 c6 3. g3 Bf5 4. Bg2 Qc8 5. O-O Bh3 6. b3 Bxg2 7. Kxg2 e6 8. Bb2
Nd7 9. Nbd2 Ngf6 10. Re1 Be7 11. e4 dxe4 12. Nxe4 Nxe4 13. Rxe4 Nf6 14. Re1 O-O
15. c4 b5 16. Rc1 Qa6 17. Qc2 Ba3 18. Bxa3 Qxa3 19. c5 Qa5 20. Ng5 Qd8 21. Rcd1
Qd5+ 22. Nf3 Rad8 23. Re5 Qd7 24. Kg1 h6 25. Rd2 Qc7 26. Re1 Rd5 27. Ne5 Rfd8
28. Qc3 Nd7 29. Nf3 a5 30. a3 Ra8 31. Qe3 Qd8 32. Ree2 Ra7 33. h4 Nf8 34. Ne5
Rc7 35. Qe4 Nd7 36. Nf3 Qf6 37. Qg4 Qd8 38. Qf4 Rf5 39. Qe3 Rd5 40. Qc3 Rb7 41.
Qe3 Qb8 42. Qe4 b4 43. a4 Nf6 44. Qe3 Rd8 45. Ne5 Qc7 46. Nc4 Rbb8 47. Qf3 Rd5
48. Nd6 Ne8 49. Nc4 1/2-1/2

[Event "G7"]
[Site "Svendborg"]
[Date "2016.03.26"]
[Round "5"]
[White "Schoning, Lars"]
[Black "Mortensen, Henrik"]
[Result "1/2-1/2"]
[WhiteElo "1923"]
[BlackElo "1954"]
[PlyCount "32"]
[EventDate "2016.03.22"]
[EventType "swiss"]
[EventRounds "7"]
[EventCountry "DEN"]

1. d4 d5 2. c4 e6 3. Nc3 f5 4. Bf4 c6 5. e3 Nf6 6. Nf3 Be7 7. Bd3 O-O 8. O-O
Ne4 9. Ne2 Nd7 10. Ne5 Nxe5 11. Bxe5 b6 12. Rb1 Ba6 13. Nf4 Qc8 14. Bxe4 dxe4
15. Qb3 g5 16. Ne2 Qe8 1/2-1/2

[Event "G7"]
[Site "Svendborg"]
[Date "2016.03.26"]
[Round "5"]
[White "Larsen, Ulrik"]
[Black "Kakulidis, Ellen"]
[Result "1-0"]
[WhiteElo "2019"]
[BlackElo "1843"]
[PlyCount "59"]
[EventDate "2016.03.22"]
[EventType "swiss"]
[EventRounds "7"]
[EventCountry "DEN"]

1. e4 e6 2. d4 d5 3. Nc3 Bb4 4. e5 c5 5. a3 Bxc3+ 6. bxc3 Qc7 7. Nf3 Ne7 8. a4
Nbc6 9. Bd3 cxd4 10. cxd4 Bd7 11. O-O Nb4 12. Ba3 Qc3 13. Bxb4 Qxb4 14. Rb1
Qxa4 15. Rxb7 Qc6 16. Qb1 O-O 17. c4 Rfd8 18. Bxh7+ Kf8 19. cxd5 Nxd5 20. Rc1
Qa4 21. Bd3 Qa3 22. Rb3 Qe7 23. Be4 Be8 24. Bxd5 Rxd5 25. Qh7 f6 26. Ng5 Qd7
27. Qh8+ Ke7 28. Qxg7+ Kd8 29. Qxf6+ Qe7 30. Nxe6+ 1-0

[Event "G7"]
[Site "Svendborg"]
[Date "2016.03.26"]
[Round "5"]
[White "Thybo, Thomas Sondergaard"]
[Black "Vestby Ellingsen, Mads"]
[Result "1-0"]
[WhiteElo "1946"]
[BlackElo "1947"]
[PlyCount "95"]
[EventDate "2016.03.22"]
[EventType "swiss"]
[EventRounds "7"]
[EventCountry "DEN"]

1. g3 Nf6 2. Bg2 d5 3. c4 c6 4. Nc3 e6 5. e3 Nbd7 6. d3 Bd6 7. Nge2 h5 8. h3 b6
9. Qa4 Bb7 10. Nd4 Qc7 11. b4 a6 12. a3 c5 13. Nde2 dxc4 14. bxc5 bxc5 15. Ne4
Nxe4 16. dxe4 O-O 17. Qxc4 a5 18. Bb2 Be5 19. Rb1 Ba6 20. Qc2 Rab8 21. O-O Bxb2
22. Rxb2 Bd3 23. Qd2 Rxb2 24. Qxb2 Ne5 25. Re1 Bxe2 26. Rxe2 c4 27. f4 Nd3 28.
Qc3 Rb8 29. Rc2 Qc5 30. Qxd3 Rb1+ 31. Kf2 cxd3 32. Rxc5 d2 33. Bf3 d1=Q 34.
Bxd1 Rxd1 35. Rxh5 f5 36. exf5 e5 37. f6 gxf6 38. fxe5 Rd5 39. Kf3 Kf7 40. e6+
Kxe6 41. Rxd5 Kxd5 42. h4 a4 43. h5 Ke6 44. Kf4 f5 45. e4 fxe4 46. Kxe4 Kf6 47.
Kd4 Kg5 48. g4 1-0

[Event "G7"]
[Site "Svendborg"]
[Date "2016.03.26"]
[Round "5"]
[White "Karstensen, Christian"]
[Black "Poulsen, Peter Risgaard"]
[Result "1/2-1/2"]
[WhiteElo "1968"]
[BlackElo "1943"]
[PlyCount "50"]
[EventDate "2016.03.22"]
[EventType "swiss"]
[EventRounds "7"]
[EventCountry "DEN"]

1. e4 d5 2. exd5 Nf6 3. Be2 Nxd5 4. d4 g6 5. c4 Nb6 6. Nc3 Bg7 7. Be3 O-O 8.
Qd2 Re8 9. O-O-O e5 10. Nf3 exd4 11. Nxd4 Nc6 12. Nxc6 Qxd2+ 13. Rxd2 bxc6 14.
g4 Be6 15. c5 Nd5 16. Nxd5 Bxd5 17. Rg1 Bxa2 18. Bf3 Re6 19. Bf4 Be5 20. Bxe5
Rxe5 21. Bxc6 Rxc5+ 22. Rc2 Rxc2+ 23. Kxc2 Rb8 24. Ra1 Rb6 25. Be4 Bb3+ 1/2-1/2

[Event "G7"]
[Site "Svendborg"]
[Date "2016.03.27"]
[Round "6"]
[White "Rossen, Claus"]
[Black "Jensen, Morten Frank"]
[Result "1-0"]
[WhiteElo "2180"]
[BlackElo "2032"]
[PlyCount "81"]
[EventDate "2016.03.22"]
[EventType "swiss"]
[EventRounds "7"]
[EventCountry "DEN"]

1. e4 g6 2. d4 Bg7 3. Nc3 c5 4. Be3 cxd4 5. Bxd4 Nf6 6. Nd5 e6 7. Nxf6+ Bxf6 8.
e5 Bg7 9. f4 b6 10. Nf3 Nc6 11. Bc3 O-O 12. Qd2 Qc7 13. O-O-O Rd8 14. Ng5 d5
15. exd6 Bxc3 16. Qxc3 Rxd6 17. Rxd6 Qxd6 18. g3 Qb4 19. Bg2 Qxc3 20. bxc3 Bb7
21. Rd1 Rd8 22. Rd3 Rxd3 23. cxd3 Na5 24. Bxb7 Nxb7 25. Kd2 h5 26. c4 Kf8 27.
d4 Ke7 28. Kd3 f6 29. Ne4 Nd6 30. a4 f5 31. Nxd6 Kxd6 32. a5 Kc6 33. axb6 Kxb6
34. Kc3 Kc6 35. Kb4 Kb6 36. h3 Ka6 37. Kc5 Kb7 38. Kd6 a6 39. Kd7 a5 40. c5 a4
41. c6+ 1-0

[Event "G7"]
[Site "Svendborg"]
[Date "2016.03.27"]
[Round "6"]
[White "Petersen, Steen Brustrup"]
[Black "Nielsen, Poul Erik"]
[Result "1-0"]
[WhiteElo "2111"]
[BlackElo "2032"]
[PlyCount "61"]
[EventDate "2016.03.22"]
[EventType "swiss"]
[EventRounds "7"]
[EventCountry "DEN"]

1. c4 Nf6 2. g3 g6 3. Bg2 Bg7 4. Nc3 c6 5. e4 d6 6. Nge2 Nbd7 7. d3 e5 8. O-O
O-O 9. h3 Re8 10. Bg5 Nf8 11. Qd2 Ne6 12. Be3 b6 13. f4 Bb7 14. f5 Nf8 15. g4
N6d7 16. g5 f6 17. h4 Re7 18. Ng3 Rf7 19. Nd1 d5 20. exd5 cxd5 21. cxd5 Nc5 22.
Nc3 Na6 23. d4 exd4 24. Bxd4 fxg5 25. Bxg7 Kxg7 26. fxg6 Rxf1+ 27. Rxf1 hxg6
28. Qd4+ Kg8 29. Nge4 Nh7 30. Nf6+ Nxf6 31. Rxf6 1-0

[Event "G7"]
[Site "Svendborg"]
[Date "2016.03.27"]
[Round "6"]
[White "Kristensen, Peter"]
[Black "Larsen, Ulrik"]
[Result "1-0"]
[WhiteElo "1956"]
[BlackElo "2019"]
[PlyCount "33"]
[EventDate "2016.03.22"]
[EventType "swiss"]
[EventRounds "7"]
[EventCountry "DEN"]

1. e4 e5 2. Nf3 Nc6 3. Bb5 a6 4. Ba4 Nf6 5. O-O Nxe4 6. d4 b5 7. Bb3 d5 8. Nxe5
Nxe5 9. dxe5 Be6 10. c3 Bc5 11. Nd2 Nxd2 12. Bxd2 O-O 13. Qh5 d4 14. Bg5 Qd7
15. Bf6 Bf5 16. e6 fxe6 17. Qxf5 1-0